Countries Bordering Lower Countries - Statistics

General Stats
  • This quiz has been taken 83 times
  • The average score is 10 of 18
Answer Stats
# B Highest point COUNTRY % Correct
2 8.848 Nepal
93%
14 8.848 China
90%
2 6.194 United States
90%
11 4.810 France
89%
5 6.962 Argentina
88%
3 4.884 Indonesia
75%
8 5.895 Tanzania
74%
1 3.098 Dominican Republic
68%
6 4.810 Italy
67%
3 4.167 Morocco
60%
2 3.666 Yemen
56%
2 3.819 Costa Rica
54%
1 3.482 Lesotho
50%
6 4.040 Cameroon
33%
2 3.088 Lebanon
19%
5 1.752 Cote d'Ivoire
18%
2 1.945 Sierra Leone
13%
3 986 Togo
13%
No matching quizzes found
Score Distribution
Percent of People with Each Score
Percentile by Number Answered
Your Score History
You have not taken this quiz